The Innovation in Services and Service Economy

Guardado en:
Detalles Bibliográficos
Autor principal: Kubičková, Viera, 1970-
Otros Autores: Benešová, Dana, 1958-, Šoltés, Erik, 1974-, Tileagă, Cosmin
Formato: Libro
Lenguaje:inglés
Publicado: Praha Wolters Kluwer ČR 2022
Edición:1st Edition
Materias:
Etiquetas: Agregar Etiqueta
Sin Etiquetas, Sea el primero en etiquetar este registro!

MARC

LEADER 00000nlm a2200000 4500
001 0283282
005 20240502083911.4
020 |a 978-80-7676-379-1 
041 0 |a eng 
044 |a CZ 
245 1 0 |a The Innovation in Services and Service Economy  |c Viera Kubičková, Dana Benešová ; Reviewers: Erik Šoltés, Cosmin Tileagă 
250 |a 1st Edition 
264 1 |a Praha  |b Wolters Kluwer ČR  |c 2022 
300 |a 87 s. [6 AH] 
610 2 0 |a inovácia 
610 2 0 |a inovácie sociálne 
610 2 0 |a služby 
610 2 0 |a ekonomika sociálna 
610 2 0 |a ruch cestovný 
610 2 0 |a produktivita práce 
610 2 0 |a výkonnosť ekonomiky 
100 1 |a Kubičková, Viera, 1970- 
700 1 |a Benešová, Dana, 1958- 
700 1 |a Šoltés, Erik, 1974- 
700 1 |a Tileagă, Cosmin